Science Quiz

Random Science or Animal Quiz

Black & White Animals Quiz Stats

 Plays Quiz Updated Mar 16, 2014

Support Sporcle.
Go Orange.
Score 0/16 Timer 03:00
0 Plays Today
Animal % Correct
Cow
99.4%
Penguin
97.9%
Giant Panda
97.6%
Zebra
97.1%
Horse
96.2%
Butterfly (Idea leuconoe)
95.9%
Bengal Tiger
95.3%
Skunk
94.7%
Animal % Correct
Orca
93.8%
Guinea Pig
80.2%
Dalmatian
80.1%
Caterpillar
79%
Black and White Ruffed Lemur
56.9%
Sacred Ibis
33.1%
Magpie
30.6%
Marmoset
11.5%

You're not logged in!

Compare scores with friends on all Sporcle quizzes.
OR
Log In
Forgot?

From the Vault

The Only One: NFL

by stepheash

Sports 4m
Well aren't these NFL teams special.
Remove Ads.
Support Sporcle.
Get the best of Sporcle when you Go Orange. This ad-free experience offers more features, more stats, and more fun while also helping to support Sporcle. Thank you for becoming a member.

Show Comments

Extras

Top Quizzes Today


Score Distribution

Your Account Isn't Verified!

In order to create a playlist on Sporcle, you need to verify the email address you used during registration. Go to your Sporcle Settings to finish the process.

Report this User

Report this user for behavior that violates our Community Guidelines.

Details: